000 00645nam a2200193 4500
001 148847
003 ES-MaACL
005 20250625170408.0
007 t|
008 070214s1965 sp r ||||1| spa d
100 1 _aSubtil, J.
_9108702
245 1 0 _aCon María, madre de Jesús
_b: (triduo seguido de tres retiros) /
_cJ. Subtil ; [versión, Nicolás López Martínez].
260 _aBilbao :
_bEl Mensajero del Corazón de Jesús,
_c1965.
300 _a157 p. ;
_c20 cm.
600 0 4 _aVirgen María-
_xCulto.
_9115440
700 1 _aLópez Martínez, Nicolás,
_d1925-2006
_973762
852 _aES-MaACL
_jC-29398
999 _c148847
_d148847